[Event "ESP-ch Seniors 2017"]
[Site "Altea"]
[Date "2017.10.12"]
[Round "6"]
[White "Elissalt Cardenas, Hector"]
[Black "Campos Gambuti, Luis Maria"]
[Result "1/2-1/2"]
[WhiteElo "2324"]
[BlackElo "2413"]
[Annotator "TA"]
[PlyCount "23"]
[EventDate "2017.??.??"]
[EventType "swiss"]
[EventCountry "ESP"]
[SourceTitle "playchess.com"]
[Source "ChessBase"]
[SourceQuality "1"]

{[%evp 16,23,7,13,13,5,13,24,23,29]} 1. d4 d5 2. c4 dxc4 3. e3 e5 4. Bxc4 exd4 5. Nf3 Bb4+ 6. Bd2 {D20: Angenommenes Damengambit} Bxd2+ 7. Qxd2 Nc6 8. exd4 Qe7+ 9. Qe3 {LiveBook: 3 Partien} Nf6 (9... Nb4 10. Na3 Nf6 11. O-O Nfd5 12. Qb3 Be6 13. Nb5 {½-½ (31) Kalesis,N (2464)-Istratescu,A (2581) Achaea 2016}) 10. Nc3 Qxe3+ $146 ({Vorgänger:} 10... O-O 11. Qxe7 Nxe7 12. O-O Bg4 13. Ne5 {½-½ (37) Do Hoang Minh,T (1901)-Doan Thi Hong,N (1851) Hue 2012}) 11. fxe3 O-O 12. O-O 1/2-1/2

[Event "ESP-ch Seniors 2017"]
[Site "Altea"]
[Date "2017.10.12"]
[Round "6"]
[White "Celaya Tapiz, Jose Maria"]
[Black "Sarto Ramos, Angel"]
[Result "1/2-1/2"]
[WhiteElo "2196"]
[BlackElo "1909"]
[Annotator "NA"]
[PlyCount "40"]
[EventDate "2017.??.??"]
[EventType "swiss"]
[EventCountry "ESP"]
[SourceTitle "playchess.com"]
[Source "ChessBase"]
[SourceQuality "1"]
[TimeControl "5400+30"]

1. e4 {[%emt 0:00:00]} e6 {[%emt 0:00:21]} 2. Nf3 {[%emt 0:01:23]} d5 {[%emt 0:00:19]} 3. exd5 {[%emt 0:01:27]} exd5 {[%emt 0:00:15]} 4. d4 {[%emt 0:00:13]} Bd6 {[%emt 0:04:52]} 5. h3 {[%emt 0:00:19]} Ne7 {[%emt 0:01:51]} 6. Bd3 {[%emt 0:00:14]} Ng6 {[%emt 0:04:14]} 7. Qe2+ {[%emt 0:02:40]} Qe7 {[%emt 0:01:17]} 8. Qxe7+ {[%emt 0:00:13]} Kxe7 {[%emt 0:01:06]} 9. g3 {[%emt 0:01:22]} Re8 {[%emt 0:00:25]} 10. Be3 {[%emt 0:00:06]} Kf8 {[%emt 0:01:22]} 11. Nc3 {[%emt 0:00:44]} c6 {[%emt 0:00:31]} 12. O-O-O {[%emt 0:00:42]} Nd7 {[%emt 0:01:10]} 13. a3 {[%emt 0:00:28]} Bxg3 {[%emt 0:05:40]} 14. Rde1 {[%emt 0:01:06]} Bf4 {[%emt 0:05:13]} 15. Bxg6 {[%emt 0:00:16]} Bxe3+ {[%emt 0:00:46]} 16. fxe3 {[%emt 0:00:03]} hxg6 {[%emt 0:00:49]} 17. e4 {[%emt 0:00:11]} dxe4 {[%emt 0:01:16]} 18. Nxe4 {[%emt 0:00:35]} Nf6 {[%emt 0:09:31]} 19. Neg5 {[%emt 0:01:07]} Rxe1+ {[%emt 0:07:57]} 20. Rxe1 {[%emt 0:00:26]} Bf5 {[%emt 0:02:32]} 1/2-1/2

[Event "ESP-ch Seniors 2017"]
[Site "Altea"]
[Date "2017.10.12"]
[Round "6"]
[White "Aranaz Portugues, Jose Carlos"]
[Black "Lloret Ramis, Juan Jose"]
[Result "1-0"]
[WhiteElo "2159"]
[BlackElo "2120"]
[Annotator "TA"]
[PlyCount "81"]
[EventDate "2017.??.??"]
[EventType "swiss"]
[EventCountry "ESP"]
[SourceTitle "playchess.com"]
[Source "ChessBase"]
[SourceQuality "1"]

{[%evp 19,81,26,20,9,23,29,33,7,13,11,22,12,29,25,61,-10,0,-7,0,0,8,14,15,11,38,17,20,16,51,45,240,235,238,242,235,257,369,372,375,361,431,465,467,458,452,436,420,395,350,276,383,303,540,556,480,486,624,662,901,602,584,587,29998,29999]} 1. d4 d5 2. c4 e6 3. Nc3 Nf6 4. cxd5 exd5 5. Bg5 c6 6. e3 Nbd7 7. Bd3 Be7 8. Qc2 Nh5 9. Bxe7 Qxe7 10. Nge2 g6 {LiveBook: 285 Games} 11. a3 {D36: Queen's Gambit Declined: Exchange Variation: Main line (5 Bg5 c6 6 Qc2)} (11. O-O O-O 12. Rab1 a5 13. Rbe1 Nb6 14. Nc1 Ng7 15. f3 Bf5 16. e4 dxe4 17. fxe4 Be6 18. Qf2 f5 19. exf5 Nxf5 20. Nb3 Ng7 21. Qe3 Rxf1+ 22. Rxf1 Re8 23. Nc5 Bf5 {½-½ (23) Korobov,A (2711)-Yilmaz,M (2630) Khanty-Mansiysk 2017}) 11... Ndf6 $146 ({Predecessor:} 11... Nb6 12. O-O O-O 13. b4 a6 14. Nc1 Ng7 15. Nb3 Bf5 16. Rfe1 Bxd3 17. Qxd3 f5 18. a4 Ne8 {0-1 (31) Moroni,L (2438)-Parligras,M (2599) Gjakova 2016}) 12. b4 O-O 13. h3 {White is slightly better.} Ng7 14. Ng3 h5 15. b5 c5 16. dxc5 d4 17. Nd1 ({Better is} 17. Nce4 $14) 17... dxe3 $11 18. O-O exf2+ 19. Nxf2 Qe3 20. Nge4 Nxe4 21. Bxe4 Bf5 22. Bxf5 Nxf5 23. Rfe1 $36 {[%mdl 2048] White is more active.} Qd4 24. Rad1 Ne3 $2 {[#]} (24... Qf4 $14) 25. Qd3 $1 $18 {[%cal Rd3d4]} (25. Rxd4 $2 {perishes.} Nxc2 26. Red1 Nxd4 $19) 25... Qxd3 26. Rxd3 Nf5 {[#]} 27. Rd7 $1 Rab8 (27... Rae8 $142 28. Rxe8 Rxe8) 28. g4 hxg4 29. hxg4 Ng7 30. Ree7 Ne6 31. Ne4 Rbc8 32. Nf6+ Kg7 33. Rxe6 $1 Rxc5 34. Ne8+ Kh6 35. Re3 Rxb5 $2 (35... f5 {was called for.} 36. Nd6 Rc1+ 37. Kg2 f4) 36. Nd6 Rb1+ 37. Kg2 Kg5 38. Nxf7+ Kxg4 39. Ne5+ Kg5 40. Rg3+ Kh6 41. Rxg6+ {Precision: White = 66%, Black = 25%.} 1-0

[Event "ESP-ch Seniors 2017"]
[Site "Altea"]
[Date "2017.10.12"]
[Round "6"]
[White "Cantero Navarro, Antonio"]
[Black "Roche Simon, Manuel Angel"]
[Result "1/2-1/2"]
[WhiteElo "2153"]
[BlackElo "2216"]
[Annotator "ChessBase"]
[PlyCount "169"]
[EventDate "2017.??.??"]
[EventType "swiss"]
[EventCountry "ESP"]
[SourceTitle "playchess.com"]
[Source "ChessBase"]
[SourceQuality "1"]
[TimeControl "5400+30"]

1. e4 {[%emt 0:00:00]} e6 {[%emt 0:00:10]} 2. d4 d5 {[%emt 0:00:06]} 3. Nd2 {[%emt 0:00:00]} c5 {[%emt 0:00:07]} 4. Ngf3 Nc6 5. exd5 {[%emt 0:07:20]} exd5 {[%emt 0:01:32]} 6. Bb5 {[%emt 0:00:06]} Bd6 {[%emt 0:01:07]} 7. dxc5 {[%emt 0:01:33]} Bxc5 {[%emt 0:00:00]} 8. O-O {[%emt 0:10:17]} Nge7 {[%emt 0:02:03]} 9. Nb3 {[%emt 0:08:55]} Bb6 {[%emt 0:00:21]} 10. Re1 {[%emt 0:00:07]} O-O {[%emt 0:14:23]} 11. Be3 {[%emt 0:05:30]} Bf5 {[%emt 0:02:46]} 12. c3 {[%emt 0:07:14]} Re8 {[%emt 0:05:47]} 13. Qd2 {[%emt 0:04:53]} Be4 {[%emt 0:06:10]} 14. Nfd4 {[%emt 0:01:00]} Rc8 {[%emt 0:06:09]} 15. Rad1 {[%emt 0:02:51]} Nf5 {[%emt 0:00:09]} 16. Nxf5 {[%emt 0:03:54]} Bxf5 {[%emt 0:08:21]} 17. Qxd5 {[%emt 0:01:14]} Qxd5 {[%emt 0:05:50]} 18. Rxd5 {[%emt 0:03:25]} Be6 {[%emt 0:07:03]} 19. Rd2 {[%emt 0:05:39]} Bxb3 {[%emt 0:00:58]} 20. axb3 {[%emt 0:02:26]} Bxe3 {[%emt 0:05:59]} 21. fxe3 Red8 {[%emt 0:00:13]} 22. Rxd8+ {[%emt 0:03:50]} Rxd8 {[%emt 0:00:01]} 23. Bxc6 {[%emt 0:00:26]} bxc6 {[%emt 0:01:33]} 24. Ra1 {[%emt 0:00:00]} Rd7 {[%emt 0:00:07]} 25. Ra6 {[%emt 0:00:17]} Rc7 {[%emt 0:00:31]} 26. b4 {[%emt 0:03:12]} Kf8 {[%emt 0:00:11]} 27. Kf2 {[%emt 0:02:07]} Ke7 {[%emt 0:00:28]} 28. Ke2 {[%emt 0:02:20]} Kd7 {[%emt 0:01:12]} 29. Ra5 {[%emt 0:01:33]} Kc8 30. Rg5 {[%emt 0:00:05]} g6 {[%emt 0:00:41]} 31. Rc5 {[%emt 0:02:14]} a6 {[%emt 0:00:32]} 32. g4 {[%emt 0:00:30]} f6 {[%emt 0:00:30]} 33. h4 {[%emt 0:03:35]} Kb7 {[%emt 0:00:32]} 34. h5 {[%emt 0:06:15]} Re7 {[%emt 0:00:20]} 35. g5 {[%emt 0:01:30]} f5 {[%emt 0:00:13]} 36. Kd3 Rd7+ {[%emt 0:00:05]} 37. Kc2 {[%emt 0:00:51]} Re7 {[%emt 0:00:02]} 38. hxg6 {[%emt 0:00:37]} hxg6 39. Kd3 {[%emt 0:01:32]} Rd7+ {[%emt 0:01:06]} 40. Ke2 {[%emt 0:00:11]} Re7 {[%emt 0:00:30]} 41. Rc4 {[%emt 0:03:44]} Rh7 {[%emt 0:00:23]} 42. e4 Rh5 {[%emt 0:00:01]} 43. exf5 {[%emt 0:01:51]} gxf5 {[%emt 0:00:04]} 44. g6 {[%emt 0:00:39]} Rg5 45. Rf4 Rxg6 {[%emt 0:01:16]} 46. Rxf5 {[%emt 0:00:35]} Rg1 {[%emt 0:00:24]} 47. Kd3 {[%emt 0:02:37]} Kb6 48. c4 {[%emt 0:00:12]} Rg3+ {[%emt 0:01:07]} 49. Kc2 {[%emt 0:01:00]} Rg4 {[%emt 0:01:23]} 50. Kb3 {[%emt 0:00:52]} Rh4 {[%emt 0:00:42]} 51. Rf7 {[%emt 0:02:45]} a5 {[%emt 0:00:10]} 52. c5+ Ka6 53. bxa5 {[%emt 0:00:38]} Kxa5 {[%emt 0:00:45]} 54. Rb7 {[%emt 0:00:22]} Rh5 {[%emt 0:11:58]} 55. Kc4 {[%emt 0:00:25]} Rh4+ {[%emt 0:00:16]} 56. Kc3 Rh3+ {[%emt 0:02:09]} 57. Kd4 {[%emt 0:01:06]} Rh4+ {[%emt 0:00:36]} 58. Ke5 {[%emt 0:00:54]} Rh6 {[%emt 0:00:03]} 59. Rb6 {[%emt 0:03:02]} Rg6 60. Kd4 Rg4+ {[%emt 0:03:13]} 61. Kc3 {[%emt 0:00:32]} Rg3+ {[%emt 0:00:13]} 62. Kc4 {[%emt 0:00:53]} Rg4+ {[%emt 0:03:31]} 63. Kc3 Rg3+ {[%emt 0:00:08]} 64. Kd4 {[%emt 0:01:12]} Rg4+ {[%emt 0:00:07]} 65. Ke5 {[%emt 0:00:21]} Rg6 {[%emt 0:00:00]} 66. Kf5 {[%emt 0:01:04]} Rh6 {[%emt 0:00:02]} 67. Ke5 {[%emt 0:00:32]} Rg6 68. b3 {[%emt 0:00:08]} Rh6 {[%emt 0:00:59]} 69. Kd4 {[%emt 0:00:04]} Rh4+ 70. Kc3 {[%emt 0:00:13]} Rh3+ {[%emt 0:00:47]} 71. Kb2 {[%emt 0:00:33]} Rh5 {[%emt 0:01:23]} 72. b4+ {[%emt 0:00:19]} Ka4 73. Kc3 {[%emt 0:00:02]} Rh3+ {[%emt 0:01:15]} 74. Kd4 {[%emt 0:00:36]} Rh6 {[%emt 0:00:14]} 75. Ke5 Rg6 76. b5 {[%emt 0:02:10]} Rg5+ {[%emt 0:00:40]} 77. Kd6 {[%emt 0:00:16]} cxb5 78. Ra6+ {[%emt 0:00:01]} Kb3 {[%emt 0:00:44]} 79. c6 {[%emt 0:00:40]} b4 {[%emt 0:01:09]} 80. Ra8 {[%emt 0:00:23]} Rg6+ {[%emt 0:00:48]} 81. Kd7 {[%emt 0:00:01]} Rg7+ {[%emt 0:00:24]} 82. Kd6 {[%emt 0:00:47]} Kc2 {[%emt 0:00:08]} 83. Rb8 b3 {[%emt 0:00:07]} 84. c7 {[%emt 0:00:53]} Rxc7 85. Kd5 1/2-1/2

[Event "ESP-ch Seniors 2017"]
[Site "Altea"]
[Date "2017.10.12"]
[Round "6"]
[White "Riquelme Valero, Manuel Damian"]
[Black "Fernandez Hernandez, Gerardo"]
[Result "0-1"]
[WhiteElo "2147"]
[BlackElo "2178"]
[Annotator "TA"]
[PlyCount "86"]
[EventDate "2017.??.??"]
[EventType "swiss"]
[EventCountry "ESP"]
[SourceTitle "playchess.com"]
[Source "ChessBase"]
[SourceQuality "1"]

{[%evp 16,86,-51,-71,0,0,0,-14,32,11,33,12,30,11,40,34,44,-39,-28,-56,-55,-59,-69,-92,-64,-93,-65,-102,-93,-93,-102,-123,-137,-140,-139,-133,-136,-137,-135,-147,-140,-302,-291,-295,-283,-391,-382,-349,-358,-332,-306,-289,-180,-413,-402,-580,-549,-808,-673,-720,-614,-29974,-29974,-29978,-29979,-29979,-29980,-29980,-29981,-29981,-29982,-29982,-29983]} 1. d4 Nf6 2. c4 e6 3. Nc3 Bb4 4. f3 c5 5. a3 Bxc3+ 6. bxc3 Nc6 7. e4 d6 8. d5 {E24: Nimzo-Indian: Sämisch: Unusual Black 5th moves and 5...c5 sidelines} Na5 9. Bd3 {LiveBook: 3 Games} h6 $146 (9... O-O $17) ({Predecessor:} 9... b6 10. f4 Qe7 11. Ne2 exd5 12. cxd5 O-O 13. c4 Nxe4 14. Qc2 f5 15. O-O Bd7 {0-1 (40) Li,Z (2365)-Delgado Ramirez,N (2602) Tromsoe 2014}) 10. Ne2 $11 {The position is equal.} b6 11. O-O Qe7 12. f4 exd5 13. cxd5 c4 14. Bc2 $1 Nxe4 15. Ng3 $1 f5 $1 ({Avoid the trap} 15... Nxc3 $2 16. Qd2 $18 (16. Qd4 Qf6 $11)) 16. Nxe4 ({Better is} 16. Bxe4 $14 fxe4 17. Qh5+ Qf7 18. Qxf7+ Kxf7 19. Nxe4) 16... fxe4 $15 17. Bxe4 O-O $1 ({Not} 17... Qxe4 18. Re1 $16) 18. Re1 {[#] Hoping for Bh7+!} Qf6 $36 {[%mdl 2048] Black fights for an advantage.} 19. Be3 Nb3 20. Ra2 Bf5 21. Bc2 Qxc3 {[#] And now ...Rae8 would win.} 22. Bxf5 Rxf5 23. Rc2 Qd3 24. Qxd3 cxd3 25. Rc3 Nc5 26. Bxc5 d2 {[%cal Rd2e1]} 27. Rd1 {Strongly threatening Be3.} bxc5 $17 {[%mdl 4096] Endgame KRR-KRR} 28. g3 $2 (28. Rxd2 $17 Rxf4 29. Re3) 28... Rxd5 $19 29. Rc2 Kf7 30. Rcxd2 Rxd2 31. Rxd2 {KR-KR} Rd8 32. Kf2 d5 {[%cal Bd6d5,Bd5d4][%mdl 32]} 33. Rb2 Rd7 34. g4 $2 (34. Rb5 {keeps fighting.} Rc7 35. Ke3) 34... Ke6 35. h4 (35. f5+ $142 Ke5 36. Ke3) 35... d4 36. Re2+ Kd6 37. f5 Re7 38. Rxe7 Kxe7 {KP-KP. Black mates.} 39. g5 hxg5 40. hxg5 c4 {[%cal Bc5c4,Bc4c3][%mdl 32]} 41. Ke2 c3 42. Kd3 Kd6 43. Kc2 Ke5 {Precision: White = 35%, Black = 69%.} 0-1

[Event "ESP-ch Seniors 2017"]
[Site "Altea"]
[Date "2017.10.12"]
[Round "6"]
[White "Serra Olives, Tomas"]
[Black "Anguera Maestro, Jaime"]
[Result "1-0"]
[WhiteElo "2146"]
[BlackElo "2029"]
[Annotator "ChessBase"]
[PlyCount "97"]
[EventDate "2017.??.??"]
[EventType "swiss"]
[EventCountry "ESP"]
[SourceTitle "playchess.com"]
[Source "ChessBase"]
[SourceQuality "1"]
[TimeControl "5400+30"]

1. e4 {[%emt 0:00:00]} e5 {[%emt 0:00:21]} 2. Nf3 {[%emt 0:00:00]} Nc6 {[%emt 0:00:09]} 3. Bb5 {[%emt 0:00:00]} a6 {[%emt 0:00:10]} 4. Ba4 {[%emt 0:00:00]} d6 {[%emt 0:00:09]} 5. O-O {[%emt 0:00:06]} Bd7 {[%emt 0:00:04]} 6. d4 {[%emt 0:00:17]} f6 {[%emt 0:04:39]} 7. c3 {[%emt 0:03:29]} Nge7 {[%emt 0:04:02]} 8. a3 {[%emt 0:04:34]} Ng6 {[%emt 0:02:26]} 9. Re1 {[%emt 0:06:16]} Be7 {[%emt 0:07:30]} 10. Bb3 {[%emt 0:00:55]} Bg4 {[%emt 0:03:05]} 11. Be3 {[%emt 0:07:33]} Qd7 {[%emt 0:13:19]} 12. Nbd2 {[%emt 0:02:36]} Nd8 {[%emt 0:00:43]} 13. h3 {[%emt 0:10:19]} Be6 {[%emt 0:00:24]} 14. d5 {[%emt 0:01:17]} Bf7 {[%emt 0:00:11]} 15. Nf1 {[%emt 0:00:19]} Nf4 {[%emt 0:08:09]} 16. Ng3 {[%emt 0:01:18]} g5 {[%emt 0:00:13]} 17. Nf5 {[%emt 0:01:53]} Bg6 {[%emt 0:03:49]} 18. Bxf4 {[%emt 0:03:31]} Bxf5 {[%emt 0:02:46]} 19. exf5 {[%emt 0:00:26]} gxf4 {[%emt 0:02:06]} 20. Nh4 {[%emt 0:00:00]} Kf8 {[%emt 0:05:15]} 21. Qh5 {[%emt 0:01:44]} Qe8 {[%emt 0:00:34]} 22. Qh6+ {[%emt 0:13:48]} Kg8 {[%emt 0:00:56]} 23. Bd1 {[%emt 0:03:13]} Qf7 {[%emt 0:04:41]} 24. Kh1 {[%emt 0:02:50]} Bf8 {[%emt 0:07:38]} 25. Qh5 {[%emt 0:00:10]} Qxh5 {[%emt 0:00:52]} 26. Bxh5 {[%emt 0:00:06]} Bh6 {[%emt 0:00:25]} 27. Nf3 {[%emt 0:01:36]} Nf7 {[%emt 0:02:52]} 28. Nd2 {[%emt 0:01:12]} Kf8 {[%emt 0:04:21]} 29. Ne4 {[%emt 0:01:03]} Ke7 {[%emt 0:01:04]} 30. Bxf7 {[%emt 0:01:09]} Kxf7 {[%emt 0:00:17]} 31. f3 {[%emt 0:00:42]} Bf8 {[%emt 0:01:17]} 32. Kg1 {[%emt 0:00:31]} Be7 {[%emt 0:01:27]} 33. b4 {[%emt 0:04:17]} b6 {[%emt 0:01:08]} 34. c4 {[%emt 0:00:23]} a5 {[%emt 0:00:23]} 35. Rec1 {[%emt 0:00:39]} Rhd8 {[%emt 0:05:34]} 36. Kf1 {[%emt 0:02:34]} Ra7 {[%emt 0:00:25]} 37. Nc3 {[%emt 0:00:38]} Rc8 {[%emt 0:03:01]} 38. Ke2 {[%emt 0:02:10]} Ke8 {[%emt 0:00:12]} 39. Kd3 {[%emt 0:00:22]} Kd7 {[%emt 0:00:02]} 40. c5 {[%emt 0:12:28]} dxc5 {[%emt 0:01:08]} 41. bxc5 {[%emt 0:00:14]} Bxc5 {[%emt 0:00:06]} 42. Ne4 {[%emt 0:00:16]} Be7 {[%emt 0:00:39]} 43. Rc6 {[%emt 0:00:17]} Rg8 {[%emt 0:03:55]} 44. Rxf6 {[%emt 0:00:38]} Rxg2 {[%emt 0:00:27]} 45. Rf7 {[%emt 0:00:08]} Ke8 {[%emt 0:02:04]} 46. Rxh7 {[%emt 0:00:16]} a4 {[%emt 0:03:48]} 47. f6 {[%emt 0:00:53]} Bf8 {[%emt 0:00:01]} 48. d6 {[%emt 0:01:12]} Ra5 {[%emt 0:00:03]} 49. dxc7 {[%emt 0:03:53]} 1-0

[Event "ESP-ch Seniors 2017"]
[Site "Altea"]
[Date "2017.10.12"]
[Round "6"]
[White "Dominguez Rueda, Juan"]
[Black "Simon Padros, Emili"]
[Result "0-1"]
[WhiteElo "2135"]
[BlackElo "2153"]
[Annotator "ChessBase"]
[PlyCount "56"]
[EventDate "2017.??.??"]
[EventType "swiss"]
[EventCountry "ESP"]
[SourceTitle "playchess.com"]
[Source "ChessBase"]
[SourceQuality "1"]
[TimeControl "5400+30"]

1. e4 {[%emt 0:00:00]} e6 {[%emt 0:00:11]} 2. d4 {[%emt 0:00:00]} d5 {[%emt 0:00:09]} 3. Nc3 {[%emt 0:00:00]} Bb4 {[%emt 0:00:25]} 4. e5 {[%emt 0:00:00]} c5 {[%emt 0:00:14]} 5. a3 {[%emt 0:00:07]} Bxc3+ {[%emt 0:00:10]} 6. bxc3 {[%emt 0:00:08]} Qc7 {[%emt 0:00:22]} 7. Nf3 {[%emt 0:00:16]} Ne7 {[%emt 0:00:19]} 8. Bd3 {[%emt 0:00:27]} b6 {[%emt 0:00:51]} 9. O-O {[%emt 0:01:22]} Ba6 {[%emt 0:00:41]} 10. Bxa6 {[%emt 0:00:58]} Nxa6 {[%emt 0:02:17]} 11. Qe2 {[%emt 0:02:14]} Nb8 {[%emt 0:00:28]} 12. a4 {[%emt 0:00:37]} Nd7 {[%emt 0:00:20]} 13. Ba3 {[%emt 0:05:30]} O-O {[%emt 0:05:09]} 14. Ng5 {[%emt 0:03:49]} h6 {[%emt 0:05:25]} 15. Nh3 {[%emt 0:00:30]} Rfe8 {[%emt 0:01:24]} 16. g4 {[%emt 0:04:02]} Rac8 {[%emt 0:04:10]} 17. g5 {[%emt 0:05:40]} cxd4 {[%emt 0:12:50]} 18. cxd4 {[%emt 0:09:52]} Qxc2 {[%emt 0:06:49]} 19. Qb5 {[%emt 0:04:18]} Qf5 {[%emt 0:13:37]} 20. Bxe7 {[%emt 0:06:44]} Qg4+ {[%emt 0:06:23]} 21. Kh1 {[%emt 0:00:36]} Qf3+ {[%emt 0:00:38]} 22. Kg1 {[%emt 0:00:09]} Rxe7 {[%emt 0:00:46]} 23. Qb4 {[%emt 0:00:49]} Rc4 {[%emt 0:02:10]} 24. Qxe7 {[%emt 0:10:41]} Rxd4 {[%emt 0:00:41]} 25. Rfe1 {[%emt 0:04:10]} Rg4+ {[%emt 0:01:28]} 26. Kf1 {[%emt 0:00:02]} Qd3+ {[%emt 0:01:17]} 27. Re2 {[%emt 0:00:38]} Qxh3+ {[%emt 0:00:09]} 28. Ke1 {[%emt 0:00:19]} Qc3+ {[%emt 0:00:13]} 0-1

[Event "ESP-ch Seniors 2017"]
[Site "Altea"]
[Date "2017.10.12"]
[Round "6"]
[White "Pastor Alonso De Prado, Alberto"]
[Black "De Lucas Bello, Federico"]
[Result "1-0"]
[WhiteElo "2131"]
[BlackElo "1988"]
[Annotator "TA"]
[PlyCount "67"]
[EventDate "2017.??.??"]
[EventType "swiss"]
[EventCountry "ESP"]
[SourceTitle "playchess.com"]
[Source "ChessBase"]
[SourceQuality "1"]

{[%evp 17,67,24,26,14,50,0,26,-12,-14,-18,10,-77,-76,-100,-80,-88,-78,-382,-371,-368,-375,-445,-54,-89,-85,-84,-75,-75,-72,-83,-32,-34,-39,-68,-44,-53,-23,-17,0,0,18,47,424,411,370,233,828,810,818,974,1821,1680]} 1. e4 c5 2. c3 Nf6 3. e5 Nd5 4. d4 cxd4 5. Nf3 e6 6. cxd4 Nc6 7. Nc3 Nxc3 8. bxc3 d6 9. Bf4 Be7 10. Bd3 {B22: Sicilian: 2 c3} (10. Qd2 dxe5 11. Nxe5 Nxe5 12. Bxe5 {½-½ (12) Quesada Vera,L (2423)-Fernandez de La Vara,A (2407) Santa Clara 2017}) 10... dxe5 11. dxe5 Qa5 12. Qc2 {White has an edge.} g5 $146 ({Predecessor:} 12... h6 13. O-O Bd7 14. Rab1 Qc7 15. Rfe1 Rc8 16. Qe2 Na5 17. Bd2 b6 {1-0 (30) Stolarczyk,A-Kulczewski,Z (2090) Lublin 1999}) 13. Nxg5 Nxe5 14. Be2 (14. Be4 $1 $11) 14... Ng6 $36 {[%mdl 2048] White is under strong pressure.} 15. Nh3 Bd7 16. O-O Bc6 17. Bd3 $2 {[%mdl 8192]} (17. Bg3 $17) 17... Nxf4 $19 18. Nxf4 {[#]} Qg5 $1 {[%cal Rg5f4]} 19. g3 {[#]} Bd6 $2 (19... Qxf4 $1 $19 {[%mdl 512]} 20. gxf4 Rg8+ 21. Bg6 Rxg6+ 22. Qxg6 hxg6) 20. Ng2 Qd5 {[%csl Gc6][%cal Rd5g2]} 21. f3 Be5 {[%cal Bd6e5,Be5f6,Bf6g5][%mdl 32]} 22. Be4 Qc5+ 23. Kh1 Rc8 (23... O-O-O $17) 24. Rac1 $15 b6 25. Rfe1 Bf6 26. c4 Bg5 {Threatens to win with ...Bxe4.} 27. f4 Bf6 28. f5 Bg5 29. Rcd1 {Black must now prevent fxe6.} Ke7 $2 {[%mdl 8192]} ({Better is} 29... O-O $14) 30. fxe6 $18 fxe6 31. Bf5 ({Less strong is} 31. Bxc6 Qxc6 32. Qb2 Bf6 $18) 31... Bxg2+ $2 (31... Be3) 32. Kxg2 {White is clearly winning.} Rc6 33. Qd3 Re8 {[#]} 34. Bxe6 $1 {[%mdl 512] Precision: White = 46%, Black = 24%.} 1-0

[Event "ESP-ch Seniors 2017"]
[Site "Altea"]
[Date "2017.10.12"]
[Round "6"]
[White "Mancebo Ibanez, Fernando"]
[Black "Acebal Muniz, Antonio"]
[Result "0-1"]
[WhiteElo "2100"]
[BlackElo "2091"]
[Annotator "TA"]
[PlyCount "112"]
[EventDate "2017.??.??"]
[EventType "swiss"]
[EventCountry "ESP"]
[SourceTitle "playchess.com"]
[Source "ChessBase"]
[SourceQuality "1"]

{[%evp 34,112,18,21,104,112,102,106,99,112,165,85,94,89,86,66,102,98,165,163,165,118,100,77,146,145,138,131,149,102,112,112,112,106,118,141,98,16,69,10,25,13,328,315,314,302,279,78,78,25,43,0,0,0,0,0,0,0,0,-139,-141,-5720,-5713,-5565,-5165,-6087,-6087,-6087,-6087,-6410,-6087,-29973,-29974,-6414,-6410,-29984,-29985,-29987,-29988,-29988,-29986]} 1. d4 d5 2. c4 e6 3. Nf3 Nf6 4. Nc3 Be7 5. Bf4 O-O 6. e3 c5 7. dxc5 Bxc5 8. Qc2 Nc6 9. a3 Qa5 10. O-O-O Be7 11. g4 dxc4 12. Bxc4 e5 13. g5 exf4 14. gxf6 Bxf6 15. Nd5 Ne7 16. Nxf6+ gxf6 17. Rhg1+ Kh8 {D37: Queen's Gambit Declined: 5 Bf4} 18. Qe4 {LiveBook: 23 Games} ({Much weaker is} 18. exf4 Bf5 $17) (18. e4 b5 19. Bd5 Nxd5 20. exd5 b4 21. axb4 Qa1+ 22. Kd2 Qa6 23. Qc6 Rd8 24. Kc3 Bb7 25. Qxa6 Bxa6 {½-½ (48) Anand,V (2752)-Kramnik,V (2809) Leon 2002}) 18... Qc5 (18... Ng6 $11) 19. Qxf4 $16 {[%cal Rf4f6]} Bf5 {...Rac8 is the strong threat.White is better.} 20. b4 Qc6 {Threatens to win with ...Rac8.} 21. Kb2 $146 ({Predecessor:} 21. Rd6 Qa4 22. Bd3 Qxa3+ 23. Kd1 {0-1 (34) Ambartsoumian,A (2350)-Magomedov,M Frunze 1989}) 21... Rac8 {[#]} (21... Qe4 $16 {keeps fighting.}) 22. Rc1 (22. Ne5 $1 $18 {[%cal Re5c6][%mdl 512]} fxe5 23. Qxe5+ f6 24. Qxe7) 22... Qe4 23. Qxe4 Bxe4 24. Nd2 Bc6 25. b5 $36 {[%mdl 2048] White is really pushing.} Bd5 (25... Rfd8 $16 {was worth a try.}) 26. Bxd5 $18 Nxd5 27. Ne4 Rcd8 28. Ng3 Rfe8 ({Black should play} 28... Nb6) 29. Rgd1 $16 Kg8 30. Kb3 Kf8 31. Rd4 {Hoping for Rcd1.} Nb6 32. Rcd1 Rxd4 33. Rxd4 {[%mdl 4096] Endgame KRN-KRN} Re5 34. a4 Ke7 35. h4 (35. Rh4 $16) 35... Nd7 (35... f5 $11) 36. h5 (36. e4 $14) 36... b6 37. Kb4 Nc5 $2 {[%mdl 8192] [#]} (37... f5 $11 {and Black stays safe.}) 38. f4 $1 $18 {[%cal Rf4e5]} Re6 39. Nf5+ Kf8 40. Rd8+ $2 (40. a5 $18) 40... Re8 $16 41. Rxe8+ Kxe8 {KN-KN} 42. Nd6+ Kd7 43. Nxf7 Ne4 44. Nh6 Ng3 45. Kc4 {And now Kd5 would win.} Ke6 46. Kd3 {[#]} (46. f5+ $11 {remains equal.} Kd6 47. Ng4) 46... f5 $1 $17 47. Ng8 $2 {[%mdl 8192]} (47. Kd4 $17) 47... Kf7 $19 48. Nh6+ Kg7 49. Nxf5+ Nxf5 {KN-KP} 50. e4 Ng3 51. h6+ Kxh6 52. e5 Kg6 53. Kd4 h5 {[%cal Bh7h5,Bh5h4,Bh4h3,Bh3h2][%mdl 32]} 54. Kd5 h4 {Black mates.} 55. Kd6 h3 56. e6 h2 {Precision: White = 42%, Black = 45%.} 0-1